000 00546cam a22001577a 4500
008 180718b1999 xxu||||| |||| 00| 0 eng d
082 _aB142x6 B651
245 _aUrban culture and democracy: family and gender
_cedited by Pradip Kumar Bose and Bodil Folke Frederiksen
260 _aCalcutta
_bCentre for Studies in Social Sciences
_c1999
300 _a51p.
440 _aEnreca occasional papers series; 2
650 _aGender identity - Kampala.
650 _aUrban women
700 _aFrederiksen, Bodil Folke
700 _aBose, Pradip Kumar
999 _c487650
_d487650